000 01481nam a2200337 i 4500
001 196191
003 ES-MaACL
005 20250809052942.0
008 240817b2020 sp ||||| |||| 00| 0 spa d
017 _aM 28328-2020
020 _a9788494852862
040 _cES-MaACL
100 _aCassese, Antonio
_9238447
_eaut
245 _aPensando en Derechos Humanos :
_bReflexiones desde el Derecho Internacional
_cedición y traducción Joaquín González Ibáñez ; prólogo de la edición española Eduardo B. Toledo ; prólogo de la edición italiana original Giorgio Acquaviva ; presentación Fabián Salvioli, Joaquín González Ibáñez.
260 _aEspaña :
_bBerg Institute,
_c2021.
300 _a354 pág. :
_c24 cm.
336 _2rdacontent
_aTexto
337 _2rdamedia
_asin mediación
338 _2rdacarrier
_avolumen
490 1 _aBiblioteca literatura y derechos humanos ;
_v8
700 _9238427
_aGonzález Ibáñez, Joaquín,
_d1970-
_etrl
700 _aToledo, Eduardo B.
_eaui
_9240250
700 _aAcquaviva, Giorgio
_eaui
_9240251
700 _aSalvioli, Fabián
_eaui
_9240252
830 0 _aBiblioteca literatura y derechos humanos
_v8
_9238888
852 _aES-MaACL
_bR.154539
_cDEPOJ
_jN-9266
_hDonación: Editorial
_xEncuadernación cartoné
_9205280
942 _cMONOGRAFIA
_n0
999 _c196191
_d196191